Languages in Languages Quiz Stats

Quiz Updated Apr 19, 2016

Also try: iLanguages
Challenge
Share
Tweet
Embed
Score 0/25 Timer 04:00
0 Plays Today
% Correct
English
96.9%
Portuguese
96.8%
Italian
96.7%
Turkish
96.5%
French
96.5%
Polish
96.4%
Spanish
96.4%
Romanian
94%
Norwegian
93.5%
Latin
93.3%
Swahili
92.6%
Danish
90.3%
Vietnamese
90.2%
% Correct
Dutch
88%
Swedish
86.6%
German
84.6%
Japanese
83.1%
Hebrew
78.8%
Macedonian
78.6%
Russian
77.4%
Korean
76.6%
Greek
70.4%
Thai
70%
Serbian
59.3%
Finnish
56.3%

You're not logged in!

Compare scores with friends on all Sporcle quizzes.
Join for Free
OR
Log In

You Might Also Like...

Show Comments

Extras

Top Quizzes Today


Score Distribution

Your Account Isn't Verified!

In order to create a playlist on Sporcle, you need to verify the email address you used during registration. Go to your Sporcle Settings to finish the process.

Report this User

Report this user for behavior that violates our Community Guidelines.

Details: